| 000 | 00974cam a22002774a 4500 | ||
|---|---|---|---|
| 001 | 12758136 | ||
| 005 | 20170105102914.0 | ||
| 008 | 020427s2002 enk b 001 0 eng | ||
| 010 | _a 2002066336 | ||
| 020 | _a0745627331 (alk. paper) | ||
| 020 | _a074562734X (pbk.) | ||
| 040 |
_aDLC _cDLC _dDLC |
||
| 042 | _apcc | ||
| 050 | 0 | 0 |
_aJZ1318 _b.G685 2002 |
| 082 | 0 | 0 |
_a341.2 _221 |
| 245 | 0 | 0 |
_aGoverning globalization : _bpower, authority, and global governance / _cedited by David Held and Anthony McGrew. |
| 260 |
_aCambridge ; _aMalden, MA : _bPolity, _c2002. |
||
| 300 |
_axiv, 370 p. ; _c26 cm. |
||
| 504 | _aIncludes bibliographical references and index. | ||
| 650 | 0 | _aGlobalization. | |
| 700 | 1 | _aHeld, David. | |
| 700 | 1 | _aMcGrew, Anthony G. | |
| 906 |
_a7 _bcbc _corignew _d1 _eocip _f20 _gy-gencatlg |
||
| 942 |
_2ddc _cBK |
||
| 999 |
_c15255 _d15255 |
||